Crush Culture - Conan Gray (All Lyrics) - Statistics

General Stats
  • This quiz has been taken 152 times
  • The average score is 246 of 312
Answer Stats
Crush Culture % Correct
Chorus | Intro Crush
99%
cult
99%
culture
99%
Verse 1 My
96%
my
96%
I
95%
you
95%
me
94%
wanna
94%
guts
92%
your
92%
don't
91%
makes
90%
No
90%
no
90%
spill
88%
Spill
88%
out
87%
one
86%
look
84%
you're
84%
You're
84%
at
83%
call
83%
get
83%
god
83%
phone
83%
the
83%
to
83%
gonna
80%
know
80%
what
80%
in
79%
volume
79%
And
78%
and
78%
one's
78%
love
77%
checking
76%
is
73%
doing
72%
of
72%
Quit
71%
care
69%
Cause
69%
for
69%
If
68%
I'm
68%
this
68%
be
67%
Kiss
66%
not
66%
Verse 2 Oh
66%
ya
66%
manipulation
64%
tryna
64%
want
64%
baby
63%
pursue
62%
alone
61%
lonely
61%
sad
61%
So
61%
participate
60%
falling
59%
loveproof
59%
then
59%
game
58%
all
57%
All
57%
forever
57%
Just
57%
saying
57%
they
57%
forget
51%
let
51%
suffocating
51%
sympathy
49%
bathroom
47%
eyes
47%
beautiful
44%
someone
44%
else
42%
find
42%
hide
42%
kissing
42%
lies
42%
made
42%
that's
42%
their
42%
cares
41%
Til'
41%
how
40%
too
40%
new
39%
two
38%
Bridge Shut
36%
damn
35%
mouth
35%
sick
35%
feedin'
34%
loud
34%
talking
33%
No matching quizzes found
Score Distribution
Percent of People with Each Score
Percentile by Number Answered
Your Score History
You have not taken this quiz